The affair at the Château (Registro nro. 302494)

Detalles MARC
000 -ENCABEZADO
Número de control [NR] 01549cam a2200301Mi 4500
001 - NÚMERO DE CONTROL
control field ocn810787444
003 - IDENTIFICADOR DE CONTROL NÚMERO
control field Co-BoUCM
005 - FECHA Y HORA DE LA ÚLTIMA TRANSACCIÓN
control field 20160126100446.0
008 - DE LONGITUD FIJA DE DATOS DE ELEMENTOS - INFORMACIÓN GENERAL
Elementos de longitud fija [NR] 961128n enk fr 001 f eng d
035 ## - NUMERO DE CONTROL DEL SISTEMA [R]
Número de control del sistema [NR] (OCoLC)810787444
040 ## - FUENTE DE CATALOGACION [NR]
Agencia de catalogación original [NR] ERD
Idioma de catalogación [NR] spa
Quien Cataloga Sandra Yazo
Quien Clasifica Sandra Yazo
041 0# - CODIGO DE IDIOMA [R]
Código de idioma para texto/pista de sonido o título separado [R] Inglés
082 04 - NUMERO DE CLASIFICACION DECIMAL DEWEY [R]
Número de la edición [NR] 20
Número de clasificación [R] 823
092 ## - SIGNATURA TOPOGRAFICA LOCAL
Número de clasificación local E38N015
100 1# - ASIENTO PRINCIPAL--NOMBRE PERSONAL [NR]
Nombre personal [NR] Reynolds, Baillie
Títulos u otras palabras asociadas al nombre [R] Mrs.
ID Autoridad 75061
242 03 - TRADUCCION DEL TITULO POR LA AGENCIA CATALOGADORA [R]
Título [NR] El caso del Chateau
Mención de responsabilidad, etc. [NR] por Baillie Reynolds
Código de idioma del título traducido [NR] spa
245 14 - MENCION DE TITULO [NR]
Título [NR] The affair at the Château
Mención de responsabilidad, etc. [NR] by Mrs. Baillie Reynolds
260 ## - PUBLICACION, DISTRIBUCION, ETC. (PIE DE IMPRENTA) [R]
Lugar de publicación, distribución, etc. [R] London [Londres] (Inglaterra)
Fecha de publicación, distribución, etc. [R] [fecha desconocida]
Nombre del editor, distribuidor, etc. [R] Hodder and Stoughton
300 ## - DESCRIPCION FISICA [R]
Extensión [R] 312 páginas
Dimensiones [R] 18 x 12 cm.
500 ## - NOTA GENERAL [R]
Nota general [NR] Detalles físicos: Encuadernación rígida. Incluye solapa. Tapas adornos repujados. Lomo con adornos repujados y pintados. Guardas. Hoja de cortesía. Portada impresa en una sola tinta. Texto en una columna. Papel manchado
505 2# - NOTA DE CONTENIDO CON FORMATO PREESTABLECIDO [R]
Nota de contenido con formato preestablecido [NR] La invitación ; Tía abuela Vere ; Gilles Raumont ; Un caso de nervios ; Lord Billie ; Las bóvedas del castillo ; El primer intento ; Un sermón ; Lady Billie entretiene ; Tio Loo ; Un telegrama ; El rey ; Vere vuelve a informar ; Gilles explota ; La bomba cae ; Las nuevas noticias ; No vivió perdido – Segundo intento ; La trampa ; Vere regresa ; Donde esta Ned? ; Dentro de las bodegas
506 ## - NOTA DE RESTRICCIONES DE ACCESO [R]
Condiciones de acceso [NR] Consulta en sala
546 ## - NOTA DE IDIOMA [R]
Nota de idioma [NR] Texto en inglés
650 #7 - ASIENTO SECUNDARIO DE MATERIA - TERMINO TEMATICO [R]
9 (RLIN) 20530
Término temático o nombre geográfico como elemento de entrada [NR] Novela inglesa
690 ## - ASUNTO AGREGADO LOCAL DE ENTRADA - TÉRMINO TEMÁTICO (OCLC, RLIN)
9 (RLIN) 42863
Acceso temático local Literatura europea
942 ## - ELEMENTOS DE ENTRADA AGREGADOS (KOHA)
Sistema de clasificación LOCAL
Tema principal 18
Tipo de ítem principal el descrito en 300a Libro
Edición 1
Clasificación 823
948 ## - PROCESAMIENTO DE INFORMACIÓN LOCAL (OCLC), INDICADOR DE LA SERIE PARTE (RLIN)
h (OCLC) NO HOLDINGS IN COUDR - 1 OTHER HOLDINGS
Existencias
Suprimido Perdido Sistema de clasificación Dañado No prestable Tipo de ítem específico Ubicación habitual Ubicación actual Localización Fecha de creación Forma de adquisición Costo Total préstamos Signatura topográfica Código de barras Última vez visto Ejemplar Price effective from Tipo de ítem
    LOCAL     Libro archivo Archivo Histórico Archivo Histórico Archivo histórico 26/01/2016 Donación 0.00   E38N015 L005315 26/01/2016 Ej.1 26/01/2016 Libro